000
00254nam a22000977a 4500
999
_c
534940
_d
534940
245
_a
Prem Prakash Singh Granth /
260
_a
Canada :
_b
Virasat Foundation,
_c
2004.
300
_a
312 p.
942
_2
ddc
_c
BK